Произношение и правописание окончаний в различных частях речи. Правила и практика учебно-методическое пособие для студентов-физиков и экономистов
В пособии собран ряд правил словообразования и написания окончаний в английском языке, а также даны упражнения на закрепление правил и расширение словарного запаса студентов. Предназначено для студентов-физиков и экономистов по направлениям подготовки: «экономика» (38.04.01), «менеджмент» (38.04.02)...
Shranjeno v:
| Glavni avtor: | |
|---|---|
| Drugi avtorji: | |
| Format: | Книга |
| Jezik: | Russian |
| Izdano: |
Москва
НИЯУ МИФИ
2016
|
| Online dostop: | https://e.lanbook.com/book/126652 https://e.lanbook.com/img/cover/book/126652.jpg |
| Oznake: |
Označite
Brez oznak, prvi označite!
|
| LEADER | 02318nam0a2200289 i 4500 | ||
|---|---|---|---|
| 001 | 126652 | ||
| 003 | RuSpLAN | ||
| 005 | 20221220174034.0 | ||
| 008 | 221220s2016 ru gs 000 0 rus | ||
| 020 | |a 978-5-7262-2203-5 | ||
| 040 | |a RuSpLAN | ||
| 041 | 0 | |a rus | |
| 044 | |a ru | ||
| 080 | |a 811.111(07) | ||
| 084 | |a 81.2Англ я7 |2 rubbk | ||
| 245 | 0 | 0 | |a Произношение и правописание окончаний в различных частях речи. Правила и практика |b учебно-методическое пособие для студентов-физиков и экономистов |c Брукс Е. Е.,Ляпина С. А. |
| 260 | |a Москва |b НИЯУ МИФИ |c 2016 | ||
| 300 | |a 60 с. | ||
| 500 | |a Рекомендовано к изданию УМО «Ядерные физика и технологии» | ||
| 504 | |a Библиогр.: доступна в карточке книги, на сайте ЭБС Лань | ||
| 520 | 8 | |a В пособии собран ряд правил словообразования и написания окончаний в английском языке, а также даны упражнения на закрепление правил и расширение словарного запаса студентов. Предназначено для студентов-физиков и экономистов по направлениям подготовки: «экономика» (38.04.01), «менеджмент» (38.04.02), «бизнес-информатика» (38.04.05), специальности «ядерная физика». Также пособие может использоваться студентами других факультетов НИЯУ МИФИ, изучающими английский язык. Подготовлено в рамках Программы создания и развития НИЯУ МИФИ. | |
| 521 | 8 | |a Книга из коллекции НИЯУ МИФИ - Языкознание и литературоведение | |
| 100 | 1 | |a Брукс Е. Е. | |
| 700 | 1 | |a Ляпина С. А. | |
| 856 | 4 | |u https://e.lanbook.com/book/126652 | |
| 856 | 4 | 8 | |u https://e.lanbook.com/img/cover/book/126652.jpg |
| 953 | |a https://e.lanbook.com/img/cover/book/126652.jpg | ||